<?xml version="1.0" encoding="UTF-8"?><OAI-PMH xmlns="http://www.openarchives.org/OAI/2.0/" xmlns:xsi="http://www.w3.org/2001/XMLSchema-instance"     xsi:schemaLocation="http://www.openarchives.org/OAI/2.0/ http://www.openarchives.org/OAI/2.0/OAI-PMH.xsd"><responseDate>2026-05-14T18:58:49Z</responseDate><request verb="GetRecord" identifier="oai:regmurcia.com:fintegr.1190" metadataPrefix="marc21">http://oai.regmurcia.com/oai2/oai2.php</request><GetRecord><record><header><identifier>oai:regmurcia.com:fintegr.1190</identifier><datestamp>2026-05-14</datestamp><setSpec>documentos</setSpec></header><metadata><record  xmlns="http://www.loc.gov/MARC21/slim" xmlns:xsi="http://www.w3.org/2001/XMLSchema-instance" xsi:schemaLocation="http://www.loc.gov/MARC21/slim http://www.loc.gov/standards/marcxml/schema/MARC21slim.xsd" type="Bibliographic"><leader>00000nam a2200000   4500</leader><controlfield tag="001" >005069869</controlfield><controlfield tag="003" >1190</controlfield><controlfield tag="004" >A00000000</controlfield><datafield tag="245" ind1=" " ind2=" "><subfield code="a">Carta del concejo de Cartagena al concejo de Murcia, sobre el robo de ganado a Juan Vicente, regidor de Murcia.</subfield></datafield><datafield tag="300" ind1=" " ind2=" "><subfield code="c">274 x 291 mm.</subfield></datafield><datafield tag="351" ind1=" " ind2=" "><subfield code="a">Unidad Documental simple</subfield><subfield code="c">Archivo de Murcia. Array</subfield><subfield code="a">Unidad Documental simple</subfield><subfield code="c">Archivo de Murcia. Array</subfield></datafield><datafield tag="351" ind1=" " ind2=" "><subfield code="b">Nº 12</subfield></datafield><datafield tag="506" ind1=" " ind2=" "><subfield code="a">Acceso restringido</subfield></datafield><datafield tag="520" ind1=" " ind2=" "><subfield code="a">El concejo de Cartagena se dirige al de Murcia para responder a las quejas sobre el ganado tomado por vecinos de Cartagena a Juan Vicente, regidor de Murcia. Manifiesta Cartagena que es la consecuencia de la costumbre de los de Murcia de llevar su ganado a pastar sin permiso al Campo de Cartagena, donde destrozan muchos cultivos, y recuerdan que la ciudad posee un privilegio por el cual el merino puede dar orden de tomar el ganado si se realizan estas prácticas. En virtud de la amistad que une a ambas ciudades se ha dado la orden de devolver el ganado a Juan Vicente, pero ordenan que cesen estas intromisiones y Murcia deje de considerar a Cartagena, cabeza de Obispado, como si fuera &quot;una aldea suya&quot;.</subfield></datafield><datafield tag="583" ind1=" " ind2=" "><subfield code="u">http://www.regmurcia.com/servlet/s.Sl?METHOD=VERDOCUMENTO&amp;sit=serv,Carmesi&amp;n=/01/1802/indice.djvu</subfield></datafield><datafield tag="592" ind1=" " ind2=" "><subfield code="a">1452-02-03</subfield></datafield><datafield tag="592" ind1=" " ind2=" "><subfield code="d">1452-02-03 00:00:00</subfield></datafield><datafield tag="651" ind1=" " ind2=" "><subfield code="a">Cartagena</subfield></datafield><datafield tag="786" ind1=" " ind2=" "><subfield code="o">http://www.regmurcia.com/servlet/s.Sl?METHOD=VERDOCUMENTO&amp;sit=serv,Carmesi&amp;n=/01/1802/indice.djvu</subfield></datafield><datafield tag="856" ind1=" " ind2=" "><subfield code="u">http://www.regmurcia.com/servlet/s.Sl?METHOD=DETALLE&amp;sit=c,373,m,139,serv,Carmesi&amp;id=1190</subfield></datafield></record></metadata></record></GetRecord></OAI-PMH>
